Musical by Show Curtain Quiz Stats

 Plays Quiz not verified by Sporcle

Challenge
Share
Tweet
Score 0/20 Timer 06:00
0 Plays Today
% Correct
Les Misérables
98.1%
Wicked
93.7%
Legally Blonde
77.6%
Matilda
62.6%
Mary Poppins
43.9%
[title of show]
43.1%
The Pajama Game
31.6%
The Book of Mormon
29.5%
Shrek the Musical
26.8%
Priscilla: Queen of the Desert
25.4%
% Correct
The Drowsy Chaperone
23.3%
Dirty Rotten Scoundrels
18.6%
The Lion King
18.1%
Lord of the Rings
8.9%
Hairspray
7.4%
Mamma Mia
7%
The Addams Family
7%
Miss Saigon
6%
Women on the Verge of a Nervous Breakdown
3.9%
Flashdance
3.4%

You're not logged in!

Compare scores with friends on all Sporcle quizzes.
Join for Free
OR
Log In

You Might Also Like...

Show Comments

Extras

Top Quizzes Today


Score Distribution

Your Account Isn't Verified!

In order to create a playlist on Sporcle, you need to verify the email address you used during registration. Go to your Sporcle Settings to finish the process.

Report this User

Report this user for behavior that violates our Community Guidelines.

Details: